<?xml version="1.0" encoding="UTF-8"?>
<record
    xmlns:xsi="http://www.w3.org/2001/XMLSchema-instance"
    xsi:schemaLocation="http://www.loc.gov/MARC21/slim http://www.loc.gov/standards/marcxml/schema/MARC21slim.xsd"
    xmlns="http://www.loc.gov/MARC21/slim">

  <leader>01714    a2200193   4500</leader>
  <controlfield tag="001">30026</controlfield>
  <controlfield tag="005">20260407155611.0</controlfield>
  <controlfield tag="008">260407a1972    arg                 spa d</controlfield>
  <controlfield tag="003">AR-UNSa-BCEJYS</controlfield>
  <datafield tag="040" ind1=" " ind2=" ">
    <subfield code="a">AR-UNSa-BCEJYS</subfield>
    <subfield code="b">spa</subfield>
    <subfield code="c">AR-UNSa-BCEJYS</subfield>
  </datafield>
  <datafield tag="080" ind1=" " ind2=" ">
    <subfield code="a">657.47</subfield>
    <subfield code="x">Contabilidad de Costos</subfield>
  </datafield>
  <datafield tag="245" ind1="1" ind2="0">
    <subfield code="a">Costo industrial y control presupuestario</subfield>
  </datafield>
  <datafield tag="264" ind1=" " ind2="1">
    <subfield code="a">Buenos Aires :</subfield>
    <subfield code="b">Ediciones Macchi</subfield>
    <subfield code="c">1972</subfield>
  </datafield>
  <datafield tag="300" ind1=" " ind2=" ">
    <subfield code="a">394 p.</subfield>
    <subfield code="c">22 cm.</subfield>
  </datafield>
  <datafield tag="505" ind1=" " ind2=" ">
    <subfield code="a">1. Fines del costo - 2. Organigrama - 3. Plan de cuentas - 4. Asientos necesario para contabilizar los movimientos entre las cuentas de patrimonio y resultado - 5. Contablizacion de las leyes sociales y de retenciones - 6. Control de los materiales - 7. Control de la mano de obra - 8. Control de los bienes de uso o de activos fijos - 9. Los gastos de fabricaci&#xF3;n - 10. La departamentalizaci&#xF3;n - 11. Clasificaci&#xF3;n de los gastos seg&#xFA;n su variabilidad - 12. La mano de obra directa - 13. Distribuci&#xF3;n de los gastos de los departamentos de servicios - 14. Determinaci&#xF3;n del costo - 15. Costo de fabricaci&#xF3;n - 16. Costo est&#xE1;ndar - 17. Costo directo - 18. Costo por orden de elaboraci&#xF3;n - 19. Departamentalizaci&#xF3;n te&#xF3;rica - 20. Costo presupuestario - 21. La influencia de la inflaci&#xF3;n - 22. Control presupuestario - 23. La estacionalidad de las ventas - 24. Gastos y costos - 25. Empleo del costo directo para la planificaci&#xF3;n de la ganancia - 26. El plan de porducci&#xF3;n o el presupuesto de producci&#xF3;n - 27. Presupuesto de compras - 28. Prespuesto de bienes de uso - 29. Influencia del rendimiento  - 30. Prespuesto financiero - 31. Presupuesto definitivo </subfield>
  </datafield>
  <datafield tag="942" ind1=" " ind2=" ">
    <subfield code="c">BK</subfield>
  </datafield>
  <datafield tag="590" ind1=" " ind2=" ">
    <subfield code="a">niveau_biblio:m niveau_hierar:0</subfield>
  </datafield>
  <datafield tag="100" ind1="1" ind2=" ">
    <subfield code="a">Singer Jonker, Guillermo</subfield>
  </datafield>
  <datafield tag="999" ind1=" " ind2=" ">
    <subfield code="c">1996</subfield>
    <subfield code="d">1996</subfield>
  </datafield>
  <datafield tag="952" ind1=" " ind2=" ">
    <subfield code="0">0</subfield>
    <subfield code="1">0</subfield>
    <subfield code="4">0</subfield>
    <subfield code="7">0</subfield>
    <subfield code="a">BCEJYS</subfield>
    <subfield code="b">BCEJYS</subfield>
    <subfield code="c">16</subfield>
    <subfield code="d">2026-04-07</subfield>
    <subfield code="l">0</subfield>
    <subfield code="o">657.47 S617</subfield>
    <subfield code="p">L13228</subfield>
    <subfield code="r">2026-04-07 15:56:11</subfield>
    <subfield code="w">2026-04-07</subfield>
    <subfield code="y">L</subfield>
  </datafield>
  <datafield tag="952" ind1=" " ind2=" ">
    <subfield code="0">0</subfield>
    <subfield code="1">0</subfield>
    <subfield code="4">0</subfield>
    <subfield code="7">0</subfield>
    <subfield code="a">BCEJYS</subfield>
    <subfield code="b">BCEJYS</subfield>
    <subfield code="c">16</subfield>
    <subfield code="d">2026-04-07</subfield>
    <subfield code="l">0</subfield>
    <subfield code="o">657.47 S617</subfield>
    <subfield code="p">L13229</subfield>
    <subfield code="r">2026-04-07 15:56:11</subfield>
    <subfield code="w">2026-04-07</subfield>
    <subfield code="y">L</subfield>
  </datafield>
  <datafield tag="952" ind1=" " ind2=" ">
    <subfield code="0">0</subfield>
    <subfield code="1">0</subfield>
    <subfield code="4">0</subfield>
    <subfield code="7">0</subfield>
    <subfield code="a">BCEJYS</subfield>
    <subfield code="b">BCEJYS</subfield>
    <subfield code="c">16</subfield>
    <subfield code="d">2026-04-07</subfield>
    <subfield code="l">0</subfield>
    <subfield code="o">657.47 S617</subfield>
    <subfield code="p">L25572</subfield>
    <subfield code="r">2026-04-07 15:56:11</subfield>
    <subfield code="w">2026-04-07</subfield>
    <subfield code="y">L</subfield>
  </datafield>
  <datafield tag="952" ind1=" " ind2=" ">
    <subfield code="0">0</subfield>
    <subfield code="1">0</subfield>
    <subfield code="4">0</subfield>
    <subfield code="7">0</subfield>
    <subfield code="a">BCEJYS</subfield>
    <subfield code="b">BCEJYS</subfield>
    <subfield code="c">16</subfield>
    <subfield code="d">2026-04-07</subfield>
    <subfield code="l">0</subfield>
    <subfield code="o">657.47 S617</subfield>
    <subfield code="p">L26724</subfield>
    <subfield code="r">2026-04-07 15:56:11</subfield>
    <subfield code="w">2026-04-07</subfield>
    <subfield code="y">L</subfield>
  </datafield>
</record>
